Online
Catalog

La femme coquelicot / (Record no. 57644)

MARC details
000 -CABECERA
campo de control de longitud fija 01637nam a2200265 i 4500
003 - IDENTIFICADOR DEL NÚMERO DE CONTROL
campo de control DO-SdBNP
005 - FECHA Y HORA DE LA ÚLTIMA TRANSACCIÓN
campo de control 20240906104949.0
007 - CAMPO FIJO DE DESCRIPCIÓN FÍSICA--INFORMACIÓN GENERAL
campo de control de longitud fija ta
008 - DATOS DE LONGITUD FIJA--INFORMACIÓN GENERAL
campo de control de longitud fija 240906s1997 fr 000 j spa d
020 ## - NÚMERO INTERNACIONAL ESTÁNDAR DEL LIBRO
Número Internacional Estándar del Libro 2253146102
040 ## - FUENTE DE LA CATALOGACIÓN
Centro catalogador/agencia de origen DO-SdBNP
Lengua de catalogación spa
Centro/agencia transcriptor BNPHU
Normas de descripción rda
082 ## - NÚMERO DE LA CLASIFICACIÓN DECIMAL DEWEY
Número de documento/Ítem C492
Número de edición 22
100 1# - ENTRADA PRINCIPAL--NOMBRE DE PERSONA
Nombre de persona Châtelet, Noëlle
9 (RLIN) 11765
Fechas asociadas al nombre 1944-
Término indicativo de función/relación autora
245 13 - MENCIÓN DE TÍTULO
Título La femme coquelicot /
Mención de responsabilidad, etc. Noëlle Châtelet
264 #1 - PRODUCCIÓN, PUBLICACIÓN, DISTRIBUCIÓN, FABRICACIÓN Y COPYRIGHT
Producción, publicación, distribución, fabricación y copyright Francia :
Nombre del de productor, editor, distribuidor, fabricante Ediciones Stock,
Fecha de producción, publicación, distribución, fabricación o copyright 1997.
300 ## - DESCRIPCIÓN FÍSICA
Extensión 151 páginas,
Dimensiones 18 cm.
336 ## - TIPO DE CONTENIDO
Fuente rdacontent
Término de tipo de contenido texto
Código de tipo de contenido txt
337 ## - TIPO DE MEDIO
Fuente rdamedia
Nombre/término del tipo de medio sin mediación
Código del tipo de medio n
338 ## - TIPO DE SOPORTE
Fuente rdacarrier
Nombre/término del tipo de soporte volumen
Código del tipo de soporte nc
500 ## - NOTA GENERAL
Nota general Libro de bolsillo.
520 ## - SUMARIO, ETC.
Sumario, etc. Marthe tiene setenta años. Se podría creer que ésta ya no es la época de las pasiones. Sin embargo, se permitirá vivirlo con Félix, el hombre de los pañuelos multicolores, diez años mayor que ella... Una pasión hecha de la maravilla de las almas y también de la de los cuerpos. Todo lo que no le ha dado una larga vida como esposa y madre.<br/>Los hijos y los nietos, que rápidamente la habían puesto bajo el título de "años mayores" y "pastel de abuela", tendrán que presenciar la metamorfosis de Marthe en esta mujer amapola , radiante y frágil, llena de alegría de amar y de ser amada.<br/>Es un tema tabú sobre el que el novelista de La mujer de azul levanta aquí el velo, en una época en la que se dice que la vejez es una vergüenza o una derrota. Lo trata con gracia, emoción y también humor, lo que le ha valido una entusiasta acogida por parte de la crítica y el público.
590 ## - NOTA LOCAL (RLIN)
Nota local Inventariado, 2024/ YL
910 ## - DATOS DE OPCIÓN DEL USUARIO (OCLC)
Datos de opción del usuario YLockward
942 ## - ELEMENTOS DE PUNTO DE ACCESO ADICIONAL (KOHA)
Fuente del sistema de clasificación o colocación Dewey Decimal Classification
Tipo de ítem Koha Libro
Holdings
Estado de retiro Estado de pérdida Fuente del sistema de clasificación o colocación Restricciones de uso No para préstamo Código de colección Localización permanente Ubicación/localización actual Ubicación en estantería Fecha de adquisición Fuente de adquisición Total de préstamos Signatura topográfica completa Código de barras Fecha visto por última vez Precio válido a partir de Tipo de ítem Koha
    Dewey Decimal Classification Préstamo en sala   General Biblioteca Nacional Pedro Henríquez Ureña Biblioteca Nacional Pedro Henríquez Ureña En catalogación 11.12.2013 Donación   BNPHU GR C492 2024-5247 06.09.2024 06.09.2024 Libro

Powered by Koha